000 01103nam a2200241 i 4500
001 156439
003 ES-MaACL
005 20251114151258.0
008 931025s1891 sp |||| | spa d
100 1 _aJosefo, Flavio.
_966979
245 1 0 _aHistoria de las guerras de los judíos y de la destrucción del templo y ciudad de Jerusalén /
_cpor Flavio Josefo ; traducida del griego por Juan Martín Cordero.
260 _aMadrid :
_bLibrería de la Viuda de Hernando y Cª,
_c1891 (
_fEstab. Tip. Sucesores de Rivadeneyra)
300 _a2 v. (384 ; 374 p.) ;
_c18 cm.
490 1 _aBiblioteca clásica ;
_v145-146
530 _aDisponible en formato digital.
650 4 _aJudíos-
_xHistoria-
_yHasta 70 d.C.
_913997
700 1 _aCordero, Juan Martín,
_d1531- ca. 1600
_9126576
830 1 _aBiblioteca clásica ;
_v145-146
_9180370
852 _aES-MaACL
_jF-13117-18
_z- Enc. tela
856 _uhttp://hdl.handle.net/11169/6772
_zBiblioteca Digital Floridablanca
_z(V. 1)
856 _uhttp://hdl.handle.net/11169/6773
_zBiblioteca Digital Floridablanca
_z(V. 2)
999 _c156439
_d156439